000 00357nam a2200145 i 4500
001 bg
100 1 _aURBAŃSKI, B.
245 0 _aElektroakustyka w pytanaiach i odpowiedziach /
_cB. Urbański.
250 _aWyd.2 uzup. i uakt.
260 _aWarszawa,
_c1984.
040 _cBPK
041 _apol
942 _cKS
008 s pl f |000 0 pol
999 _c5094
_d5094
856 _uhttp://koha.tu.koszalin.pl/cgi-bin/koha/opac-detail.pl?biblionumber=5094
_yKatalog online BPK